|
|
|
|
| LEADER |
00000nam0a2200000 4500 |
| 001 |
179892 |
| 005 |
20231101223516.0 |
| 010 |
|
|
|a 9785941782253
|
| 035 |
|
|
|a (RuTPU)RU\TPU\book\195008
|
| 090 |
|
|
|a 179892
|
| 100 |
|
|
|a 20100429d2011 m y0rusy50 ca
|
| 101 |
0 |
|
|a rus
|
| 102 |
|
|
|a RU
|
| 105 |
|
|
|a a j 001zy
|
| 200 |
1 |
|
|a Технологическая оснастка
|e учебное пособие
|f А. Г. Схиртладзе [и др.]
|
| 210 |
|
|
|a Старый Оскол
|c ТНТ
|d 2011
|
| 215 |
|
|
|a 288 с.
|c ил.
|
| 320 |
|
|
|a Библиогр.: с. 286-287.
|
| 330 |
|
|
|a Освещены основные вопросы проектирования и расчёта приспособлений, используемых на технологическом оборудовании машиностроительных производств. Даны описания конструктивных элементов технологической оснастки и их функций, а также станочных, сборочных и контрольных приспособлений. Рассмотрены особенности применения переналаживаемой технологической оснастки и средств оснащения штамповочного производства. Учебное пособие предназначено для студентов машиностроительных специальностей вузов и может быть рекомендовано студентам специальности 150408 «Бытовые машины и приборы» при изучении курса «Производство бытовых машин и приборов».
|
| 606 |
1 |
|
|a Станочная оснастка
|2 stltpush
|3 (RuTPU)RU\TPU\subj\67788
|9 83454
|
| 610 |
1 |
|
|a понятия
|
| 610 |
1 |
|
|a определения
|
| 610 |
1 |
|
|a базирование
|
| 610 |
1 |
|
|a базирующие устройства
|
| 610 |
1 |
|
|a типовые схемы
|
| 610 |
1 |
|
|a зажимные устройства
|
| 610 |
1 |
|
|a силовые устройства
|
| 610 |
1 |
|
|a приводы
|
| 610 |
1 |
|
|a направляющие устройства
|
| 610 |
1 |
|
|a вспомогательные устройства
|
| 610 |
1 |
|
|a проектирование
|
| 610 |
1 |
|
|a заготовки
|
| 610 |
1 |
|
|a установка
|
| 610 |
1 |
|
|a приспособления
|
| 610 |
1 |
|
|a точность
|
| 610 |
1 |
|
|a расчет
|
| 610 |
1 |
|
|a силы закрепления
|
| 610 |
1 |
|
|a переналаживаемая оснастка
|
| 610 |
1 |
|
|a вспомогательные инструменты
|
| 610 |
1 |
|
|a штамповочное производство
|
| 610 |
1 |
|
|a валковые подающие механизмы
|
| 610 |
1 |
|
|a штампы
|
| 610 |
1 |
|
|a сборочные приспособления
|
| 610 |
1 |
|
|a контрольные устройства
|
| 610 |
1 |
|
|a справочно-нормативные материалы
|
| 610 |
1 |
|
|a учебные пособия
|
| 675 |
|
|
|a 621.9.06-229(075.8)
|v 3
|
| 701 |
|
1 |
|a Схиртладзе
|b А. Г.
|g Александр Григорьевич
|
| 701 |
|
1 |
|a Скрябин
|b В. А.
|g Владимир Александрович
|
| 701 |
|
1 |
|a Симанин
|b Н. А.
|g Николай Алексеевич
|
| 701 |
|
1 |
|a Соколов
|b В. О.
|g Владимир Олегович
|
| 701 |
|
1 |
|a Репин
|b А. С.
|g Анатолий Сергеевич
|
| 701 |
|
1 |
|a Оберталина
|b М. В.
|g Марина Владимировна
|
| 801 |
|
1 |
|a RU
|b 63413507
|c 20100429
|
| 801 |
|
2 |
|a RU
|b 63413507
|c 20150618
|g RCR
|
| 900 |
|
|
|a Технологическая оснастка
|
| 942 |
|
|
|c BK
|
| 951 |
|
|
|b 151900
|
| 959 |
|
|
|a 28/20100429
|d 2
|e 0
|f АНЛ:1
|f ЧЗТЛ:1
|
| 959 |
|
|
|a 18/20110131
|d 2
|e 0
|f УФ:1
|f ЧЗТЛ:1
|